000 00636nam a2200169Ia 4500
008 180921t2019 xxu||||| |||| 00| 0 sin d
041 _asin
080 _a8-31
_bබ්ලයි
100 _aබ්ලයිටන්, ඉනිඩ්
245 _aමැටෝරි ටවර්ස් බාලිකාවේ අලුත් මිතුරියෝ - 2
260 _bදයාවංශ ජයකොඩි
_aකොළඹ
_c2019
300 _aසෙ.මි.21, පි.215
700 _aප්‍රභාත් මිරිහාගල්ල
_eපරි.
942 _cBK
999 _c11836
_d11836
003 LK-CoDNM
040 _aLK-CoDNM
_dLK-CoDNM
_eLK-CoDNM